Эффективное корпоративное управление (на современном этапе развития экономики РФ): учебно-практическое пособие

Xehetasun bibliografikoak
Egile nagusia: Михайлов Д. М. Дмитрий Михайлович
Gaia:Пособие представляет собой попытку агрегирования имеющегося мирового опыта с целью выявления преимуществ и недостатков отдельных моделей. Содержит анализ теоретических и практических вопросов совершенствования системы корпоративного управления в развитых странах Запада, возможностей использования методов эффективного корпоративного управления на современном этапе развития экономики России. Для менеджеров и акционеров компаний России, а также для студентов и преподавателей вузов, изучающих системы корпоративного управления, менеджмент предприятий и организаций. Будет полезно консультантам, оказывающим услуги российским фирмам по становлению новых систем управления, а также широкому кругу специалистов и топ-менеджеров.
Hizkuntza:errusiera
Argitaratua: Москва, КноРус, 2010
Gaiak:
Formatua: MixedMaterials Liburua
KOHA link:https://koha.lib.tpu.ru/cgi-bin/koha/opac-detail.pl?biblionumber=183894

MARC

LEADER 00000nam0a2200000 4500
001 183894
005 20231101223812.0
010 |a 9785406002117 
035 |a (RuTPU)RU\TPU\book\199368 
090 |a 183894 
100 |a 20100824d2010 m y0rusy50 ca 
101 0 |a rus 
102 |a RU 
105 |a y j 001zy 
200 1 |a Эффективное корпоративное управление (на современном этапе развития экономики РФ)  |e учебно-практическое пособие  |f Д. М. Михайлов 
210 |a Москва  |c КноРус  |d 2010 
215 |a 448 с. 
320 |a Библиография в примечаниях. 
330 |a Пособие представляет собой попытку агрегирования имеющегося мирового опыта с целью выявления преимуществ и недостатков отдельных моделей. Содержит анализ теоретических и практических вопросов совершенствования системы корпоративного управления в развитых странах Запада, возможностей использования методов эффективного корпоративного управления на современном этапе развития экономики России. Для менеджеров и акционеров компаний России, а также для студентов и преподавателей вузов, изучающих системы корпоративного управления, менеджмент предприятий и организаций. Будет полезно консультантам, оказывающим услуги российским фирмам по становлению новых систем управления, а также широкому кругу специалистов и топ-менеджеров. 
606 1 |a Корпоративное управление  |2 stltpush  |3 (RuTPU)RU\TPU\subj\39723  |9 59679 
610 1 |a управление 
610 1 |a корпоративный менеджмент 
610 1 |a корпорации 
610 1 |a компании 
610 1 |a рентабельность 
610 1 |a инвестирование 
610 1 |a инвестированный капитал 
610 1 |a совладельческая модель 
610 1 |a группы влияния 
610 1 |a Совет директоров 
610 1 |a наблюдательный совет 
610 1 |a контрольные органы 
610 1 |a менеджеры 
610 1 |a коррупция 
610 1 |a Россия 
610 1 |a США 
610 1 |a ЕС 
610 1 |a криминальные захваты 
610 1 |a экономическая нестабильность 
610 1 |a финансовые кризисы 
610 1 |a стратегический менеджмент 
610 1 |a IT-технологии 
610 1 |a внутренний контроль 
610 1 |a аутсорсинг 
610 1 |a учебные пособия 
686 |a У9(2)212я73  |v LBC/SL-A  |2 rubbk 
700 1 |a Михайлов  |b Д. М.  |g Дмитрий Михайлович 
801 1 |a RU  |b 63413507  |c 20100824 
801 2 |a RU  |b 63413507  |c 20150515  |g RCR 
942 |c BK 
959 |a 50/20100823  |d 2  |e 260,00  |f ЧЗГЛ:1  |f АНЛ:1